000 00279nam a22001337a 4500
008 180912b xxu||||| |||| 00| 0 eng d
020 _a9780393058055
041 _aeng
080 _a591
100 _a7
101 _aZOO
245 _aNatural Acts
_cDavid.Q
942 _2udc
_cBK
999 _c47694
_d47694